000 00590nam a22001577a 4500
008 160430b xxu||||| |||| 00| 0 eng d
082 _22012
_aUT 0379
_bAp13
100 _97082
_aApatan, Wilson.
_bJr.
245 _aOnline transaction in Pedregon dental clinic/
_cWilson Apatan Jr., Karl Giovanni A. Abelidhon and Jade Arvin M. Quion.
260 _aDigos City:
_bUMDC
_cSeptember 2012.
300 _a111 pages;
_c30 cm.
650 0 _97079
_aInformation Technology
_xUndergraduate thesis.
700 _97061
_aObelihon, Karl Giovanni A.
700 _97078
_aQuion, Jade Arvin M.
942 _2ddc
_cUT
999 _c2171
_d2171